The internet protocol journal (Record no. 38682)

MARC details
000 -LEADER
fixed length control field 00635nam a2200157Ia 4500
022 ## - INTERNATIONAL STANDARD SERIAL NUMBER
ISSN 19441134
050 ## - CALL MARK
Classification number TK 5105.5 .I62725/
245 #4 - TITLE STATEMENT
Title The internet protocol journal
260 ## - PUBLICATION, DISTRIBUTION, ETC. (IMPRINT)
Name of publisher Cisco Systems, Inc.
260 ## - PUBLICATION, DISTRIBUTION, ETC. (IMPRINT)
Year of publication 2002
300 ## - PHYSICAL DESCRIPTION
Number of Pages vol. , 39 p. ; 28 cm.
650 ## - SUBJECT ADDED ENTRY--TOPICAL TERM
Topical Term Electrical and Electronic Engineering--Periodicals. Computer networks--Periodicals. Computer network protocols--Periodicals. Internet software industry--Periodicals. Internetworking (Telecommunication)--Periodicals. Intranets (Computer networks)--Periodicals.
942 ## - ADDED ENTRY ELEMENTS (KOHA)
Koha item type Serials

No items available.